[Event "Scarborough CC Howard Ridout op"]
[Site "Toronto CAN"]
[Date "2008.09.18"]
[Round "2"]
[White "Corvo, Paul"]
[Black "Moran-Venegas, Mario"]
[Result "1/2-1/2"]
[WhiteElo "1850"]
[BlackElo "1696"]
[PlyCount "90"]
[GameId "2160767910319770"]
[EventDate "2008.09.11"]
[EventType "swiss"]
[EventRounds "7"]
[EventCountry "CAN"]
[SourceTitle "EXT 2011"]
[Source "ChessBase"]
[SourceDate "2011.11.26"]
[SourceVersion "1"]
[SourceVersionDate "2011.11.26"]
[SourceQuality "1"]

1. e4 d5 2. exd5 Qxd5 3. Nc3 Qd6 4. Nf3 Nf6 5. d4 a6 6. h3 Nbd7 7. Be2 e6 8. O-O b5 9. Bd3 Bb7 10. Re1 Be7 11. Bg5 O-O 12. Ne4 Qd5 13. Nxf6+ Bxf6 14. Be4 Qxe4 15. Rxe4 Bxe4 16. Bxf6 Nxf6 17. Qe2 Rfd8 18. c3 Rac8 19. Re1 c5 20. Rd1 c4 21. Ne5 Bd3 22. Nxd3 cxd3 23. Rxd3 Rd5 24. Re3 a5 25. Re5 Rcd8 26. Kh2 h6 27. f4 Kh8 28. g4 Kg8 29. g5 hxg5 30. fxg5 Nh7 31. h4 Nf8 32. h5 Rxe5 33. Qxe5 Rd5 34. Qf4 Rf5 35. Qg4 Rf2+ 36. Kg1 Rxb2 37. Qd1 a4 38. d5 exd5 39. Qxd5 Ne6 40. h6 Rb1+ 41. Kf2 Rb2+ 42. Ke1 gxh6 43. gxh6 Kh7 44. Qf5+ Kxh6 45. Qxf7 Ng5 1/2-1/2

[Event "Scarborough CC Howard Ridout op"]
[Site "Toronto CAN"]
[Date "2008.09.18"]
[Round "2"]
[White "Ferreira, Alex"]
[Black "Yuan, Yuanling"]
[Result "0-1"]
[WhiteElo "1908"]
[BlackElo "2209"]
[PlyCount "95"]
[GameId "2160767910319771"]
[EventDate "2008.09.11"]
[EventType "swiss"]
[EventRounds "7"]
[EventCountry "CAN"]
[SourceTitle "EXT 2011"]
[Source "ChessBase"]
[SourceDate "2011.11.26"]
[SourceVersion "1"]
[SourceVersionDate "2011.11.26"]
[SourceQuality "1"]

1. e4 c5 2. Nf3 d6 3. d4 cxd4 4. Nxd4 Nf6 5. Nc3 a6 6. a4 e5 7. Nf3 h6 8. Bc4 Be7 9. O-O Be6 10. Bxe6 fxe6 11. Nh4 Kf7 12. f4 exf4 13. Rxf4 g6 14. Be3 Kg7 15. Rf1 Nc6 16. Kh1 Qa5 17. Qe1 Qh5 18. Nf3 Rhf8 19. a5 Ng4 20. Bg1 Rf7 21. Qe2 Raf8 22. h3 Nge5 23. Nd2 Rxf1 24. Nxf1 Qxe2 25. Nxe2 Bd8 26. Nd4 Rf6 27. Nxc6 Nxc6 28. Ne3 Bxa5 29. Rd1 Bc7 30. Bh2 Ne5 31. Bxe5 dxe5 32. Rd7+ Rf7 33. Rxf7+ Kxf7 34. g3 Ke7 35. Kg2 Kd6 36. Kf3 Kc5 37. c3 a5 38. Ke2 b5 39. Kd3 a4 40. Nc2 Bd8 41. h4 Be7 42. Ne3 h5 43. Nc2 Kd6 44. Ne1 Bf8 45. Nf3 Bh6 46. Nh2 Bc1 47. Kc2 Be3 48. g4 0-1

[Event "Scarborough CC Howard Ridout op"]
[Site "Toronto CAN"]
[Date "2008.09.18"]
[Round "2"]
[White "Maister, Martin"]
[Black "Paterson, Jim"]
[Result "0-1"]
[WhiteElo "1868"]
[BlackElo "1812"]
[PlyCount "64"]
[GameId "2160767910319773"]
[EventDate "2008.09.11"]
[EventType "swiss"]
[EventRounds "7"]
[EventCountry "CAN"]
[SourceTitle "EXT 2011"]
[Source "ChessBase"]
[SourceDate "2011.11.26"]
[SourceVersion "1"]
[SourceVersionDate "2011.11.26"]
[SourceQuality "1"]

1. e4 c6 2. Nf3 d5 3. exd5 cxd5 4. d4 Nc6 5. c4 Nf6 6. Nc3 g6 7. Be2 Bg7 8. O-O O-O 9. c5 Ne4 10. Be3 e6 11. a3 f5 12. Nxe4 fxe4 13. Ne1 e5 14. Nc2 Be6 15. b4 a6 16. Rb1 Qe7 17. Qd2 Rf7 18. dxe5 Bxe5 19. Nd4 Qh4 20. g3 Qe7 21. Nxc6 bxc6 22. Rfd1 Qd7 23. Bd4 Bxd4 24. Qxd4 Bg4 25. Rb2 Bxe2 26. Rxe2 Qg4 27. Re3 Raf8 28. Rd2 Rf3 29. Rde2 Qf5 30. Rxf3 exf3 31. Re1 Qh3 32. Qd3 Qg2# 0-1

[Event "Scarborough CC Howard Ridout op"]
[Site "Toronto CAN"]
[Date "2008.09.18"]
[Round "2"]
[White "Manalo, Pepin"]
[Black "Kurkowski, Ken"]
[Result "1-0"]
[WhiteElo "1830"]
[BlackElo "1681"]
[PlyCount "57"]
[GameId "2160767739985440"]
[EventDate "2008.09.11"]
[EventType "swiss"]
[EventRounds "7"]
[EventCountry "CAN"]
[SourceTitle "EXT 2011"]
[Source "ChessBase"]
[SourceDate "2011.11.26"]
[SourceVersion "1"]
[SourceVersionDate "2011.11.26"]
[SourceQuality "1"]

1. e4 c5 2. Nf3 g6 3. d4 cxd4 4. Nxd4 Nc6 5. Nxc6 bxc6 6. Qd4 Nf6 7. e5 Nd5 8. e6 f6 9. c4 Nc7 10. exd7+ Bxd7 11. Be2 Bg7 12. O-O O-O 13. Rd1 Be6 14. Qe4 Qe8 15. Bf4 Bf5 16. Qe3 Ne6 17. Bg3 Qc8 18. Nc3 Rd8 19. c5 Qb7 20. Bc4 Kf7 21. Re1 Qc8 22. Re2 h5 23. Rae1 a5 24. Bxe6+ Bxe6 25. Qxe6+ Qxe6 26. Rxe6 Rd7 27. Rxc6 Rad8 28. h4 f5 29. Ree6 {5.25} 1-0

[Event "Scarborough CC Howard Ridout op"]
[Site "Toronto CAN"]
[Date "2008.09.18"]
[Round "2"]
[White "Rutherdale, William"]
[Black "Wu, Aaron"]
[Result "1/2-1/2"]
[WhiteElo "1739"]
[BlackElo "1860"]
[PlyCount "61"]
[GameId "2160767910319774"]
[EventDate "2008.09.11"]
[EventType "swiss"]
[EventRounds "7"]
[EventCountry "CAN"]
[SourceTitle "EXT 2011"]
[Source "ChessBase"]
[SourceDate "2011.11.26"]
[SourceVersion "1"]
[SourceVersionDate "2011.11.26"]
[SourceQuality "1"]

1. d4 Nf6 2. c4 g6 3. Nf3 Bg7 4. Nc3 O-O 5. g3 d5 6. cxd5 Nxd5 7. Bg2 Nxc3 8. bxc3 c5 9. Bb2 Qb6 10. Qd2 Nc6 11. O-O Bg4 12. e3 Na5 13. Qe2 Qe6 14. Rfe1 Qc4 15. h3 Bd7 16. Nd2 Qa4 17. Rec1 Rac8 18. Qd3 cxd4 19. c4 dxe3 20. Bxg7 exd2 21. Qxd2 Kxg7 22. Rd1 Bc6 23. Bf1 Bf3 24. Qc3+ Kg8 25. Qxf3 Nxc4 26. Qxb7 Nd6 27. Qxe7 Nf5 28. Qf6 Rc6 29. Qe5 Re6 30. Qc3 Rfe8 31. a3 1/2-1/2

[Event "Scarborough CC Howard Ridout op"]
[Site "Toronto CAN"]
[Date "2008.09.18"]
[Round "2"]
[White "Siddeley, Hugh"]
[Black "Armstrong, Robert J"]
[Result "1-0"]
[WhiteElo "2110"]
[BlackElo "1834"]
[PlyCount "81"]
[GameId "2160767910319775"]
[EventDate "2008.09.11"]
[EventType "swiss"]
[EventRounds "7"]
[EventCountry "CAN"]
[SourceTitle "EXT 2011"]
[Source "ChessBase"]
[SourceDate "2011.11.26"]
[SourceVersion "1"]
[SourceVersionDate "2011.11.26"]
[SourceQuality "1"]

1. e4 g6 2. d4 Bg7 3. Nc3 d6 4. f4 Nf6 5. Nf3 O-O 6. e5 Ng4 7. h3 Nh6 8. Be3 Nf5 9. Bf2 b6 10. g4 Nh6 11. Qe2 Ba6 12. Qe4 c6 13. Bxa6 Nxa6 14. Qxc6 Qc7 15. Qxc7 Nxc7 16. O-O-O b5 17. d5 Rfc8 18. Ne2 a5 19. Kb1 b4 20. Rd3 a4 21. Rhd1 Nb5 22. Ned4 Nxd4 23. Bxd4 Kf8 24. Ng5 Kg8 25. Ne4 Ra6 26. exd6 exd6 27. Nf6+ Kh8 28. Re1 Ng8 29. Ne8 Bxd4 30. Rxd4 b3 31. cxb3 axb3 32. axb3 Rca8 33. Re3 R8a7 34. Rc4 Ne7 35. Nf6 Kg7 36. g5 Ng8 37. Ne8+ Kf8 38. Rc8 Ne7 39. Nf6+ Kg7 40. Rxe7 Rxe7 41. Rg8# 1-0

[Event "Scarborough CC Howard Ridout op"]
[Site "Toronto CAN"]
[Date "2008.09.18"]
[Round "2"]
[White "Villalobos, Oscar"]
[Black "Douglas, Richard"]
[Result "1-0"]
[WhiteElo "2035"]
[BlackElo "1822"]
[PlyCount "75"]
[GameId "2160767910319776"]
[EventDate "2008.09.11"]
[EventType "swiss"]
[EventRounds "7"]
[EventCountry "CAN"]
[SourceTitle "EXT 2011"]
[Source "ChessBase"]
[SourceDate "2011.11.26"]
[SourceVersion "1"]
[SourceVersionDate "2011.11.26"]
[SourceQuality "1"]

1. d4 Nf6 2. Nf3 g6 3. Nc3 Bg7 4. e4 d6 5. Be3 O-O 6. Qd2 Ng4 7. Bg5 h6 8. Bf4 g5 9. Bg3 f5 10. Bc4+ Kh8 11. h4 fxe4 12. Nxg5 hxg5 13. hxg5+ Bh6 14. d5 Bf5 15. O-O-O c5 16. f3 exf3 17. gxf3 Ne5 18. Rxh6+ Kg7 19. Bxe5+ dxe5 20. Qh2 Nd7 21. Rh7+ Bxh7 22. Qh6+ Kg8 23. Rh1 Rf7 24. d6 Nf8 25. g6 e6 26. Bxe6 Nxe6 27. gxf7+ Kxf7 28. Qxh7+ Ng7 29. Rg1 Qf6 30. Nd5 Rh8 31. Qxh8 Qg6 32. Rxg6 Kxg6 33. d7 Ne6 34. Qg8+ Kh5 35. Qxe6 b6 36. d8=Q b5 37. Qde8+ Kh4 38. Qg4# 1-0

[Event "Scarborough CC Howard Ridout op"]
[Site "Toronto CAN"]
[Date "2008.09.25"]
[Round "3"]
[White "Garel, Rick"]
[Black "Manalo, Pepin"]
[Result "1-0"]
[WhiteElo "1901"]
[BlackElo "1830"]
[PlyCount "93"]
[GameId "2160767910319777"]
[EventDate "2008.09.11"]
[EventType "swiss"]
[EventRounds "7"]
[EventCountry "CAN"]
[SourceTitle "EXT 2011"]
[Source "ChessBase"]
[SourceDate "2011.11.26"]
[SourceVersion "1"]
[SourceVersionDate "2011.11.26"]
[SourceQuality "1"]

1. e4 e6 2. d4 d5 3. Nc3 Bb4 4. e5 c5 5. a3 Ba5 6. Qg4 Kf8 7. Nf3 Nc6 8. Be3 h5 9. Qf4 Qe7 10. dxc5 Bxc3+ 11. bxc3 Nh6 12. Nd4 a6 13. Be2 Ng4 14. Bxg4 hxg4 15. Nxc6 bxc6 16. Qxg4 Rh4 17. Qg3 Re4 18. O-O a5 19. f4 Ba6 20. Rf2 Rb8 21. h4 Ke8 22. Bd4 g6 23. h5 gxh5 24. Qg8+ Qf8 25. Qh7 Re2 26. Qxh5 Rxf2 27. Kxf2 Qg7 28. c4 Bxc4 29. g4 Kd7 30. Rh1 Rg8 31. Kf3 Bb5 32. f5 Ba4 33. Rh2 Bb5 34. f6 Qg6 35. Qxg6 Rxg6 36. Rh7 Ke8 37. Rh8+ Kd7 38. Rf8 Ba4 39. Rxf7+ Ke8 40. Re7+ Kf8 41. Rxe6 Bxc2 42. Rxc6 Bd1+ 43. Kf2 Rxg4 44. e6 Ba4 45. Rc8+ Be8 46. Be3 d4 47. Bh6+ 1-0

[Event "Scarborough CC Howard Ridout op"]
[Site "Toronto CAN"]
[Date "2008.09.25"]
[Round "3"]
[White "Kurkowski, Ken"]
[Black "Corvo, Paul"]
[Result "0-1"]
[WhiteElo "1681"]
[BlackElo "1850"]
[PlyCount "52"]
[GameId "2160767910319778"]
[EventDate "2008.09.11"]
[EventType "swiss"]
[EventRounds "7"]
[EventCountry "CAN"]
[SourceTitle "EXT 2011"]
[Source "ChessBase"]
[SourceDate "2011.11.26"]
[SourceVersion "1"]
[SourceVersionDate "2011.11.26"]
[SourceQuality "1"]

1. e4 e6 2. d4 d5 3. Nd2 c5 4. Ngf3 Nc6 5. c3 Nf6 6. e5 Nd7 7. Bd3 Be7 8. O-O Rb8 9. Re1 b5 10. dxc5 Nxc5 11. Nb3 Nxd3 12. Qxd3 b4 13. Nfd4 Bd7 14. Be3 Nxe5 15. Qa6 Nc4 16. Nc6 Bxc6 17. Qxc6+ Qd7 18. Qxd7+ Kxd7 19. Bxa7 Ra8 20. Bc5 bxc3 21. bxc3 Bxc5 22. Nxc5+ Kd6 23. Nb3 Rhc8 24. Kf1 Na3 25. Ke2 Nb5 26. Rab1 Nxc3+ 0-1

[Event "Scarborough CC Howard Ridout op"]
[Site "Toronto CAN"]
[Date "2008.09.25"]
[Round "3"]
[White "Perez, Michael"]
[Black "Beal, Greg"]
[Result "1/2-1/2"]
[WhiteElo "1758"]
[BlackElo "1826"]
[PlyCount "62"]
[GameId "2160767910319780"]
[EventDate "2008.09.11"]
[EventType "swiss"]
[EventRounds "7"]
[EventCountry "CAN"]
[SourceTitle "EXT 2011"]
[Source "ChessBase"]
[SourceDate "2011.11.26"]
[SourceVersion "1"]
[SourceVersionDate "2011.11.26"]
[SourceQuality "1"]

1. e4 c6 2. Nf3 d5 3. Nc3 dxe4 4. Nxe4 Bf5 5. Ng3 Bg6 6. Bc4 e6 7. Ne5 Nd7 8. Nxg6 hxg6 9. d3 Ngf6 10. Qe2 Nb6 11. Bb3 Nbd5 12. Bd2 Qc7 13. O-O-O O-O-O 14. h3 Bd6 15. Nf1 Nf4 16. Qf3 N6d5 17. Ne3 Kb8 18. Nc4 Bb4 19. c3 Be7 20. d4 Bf6 21. Rhe1 Rh5 22. Re4 Bg5 23. Kb1 Rdh8 24. Ne5 f6 25. Nc4 b5 26. Ne3 f5 27. Nxd5 fxe4 28. Qxh5 gxh5 29. Nxc7 Kxc7 30. Bc2 Rf8 31. Bxe4 Be7 1/2-1/2

[Event "Scarborough CC Howard Ridout op"]
[Site "Toronto CAN"]
[Date "2008.09.25"]
[Round "3"]
[White "Rapoport, Alexander"]
[Black "Moysoski, Randy"]
[Result "0-1"]
[WhiteElo "1946"]
[BlackElo "1871"]
[PlyCount "176"]
[GameId "2160767910319781"]
[EventDate "2008.09.11"]
[EventType "swiss"]
[EventRounds "7"]
[EventCountry "CAN"]

1. d4 g6 2. e4 Bg7 3. f4 d6 4. Nf3 Nd7 5. Bc4 e6 6. O-O Ne7 7. Nc3 O-O 8. Be3 a6 9. a4 b6 10. Qd2 Bb7 11. Ng5 d5 12. Be2 h6 13. Nf3 dxe4 14. Ne5 Kh7 15. Bc4 Bd5 16. Qe2 f5 17. Bxa6 Nf6 18. h3 Nh5 19. Kh2 Ng8 20. g3 Qd6 21. Bc4 c6 22. Rg1 Nhf6 23. b3 Ne7 24. Bc1 Bxc4 25. Qxc4 b5 26. Qc5 Qxc5 27. dxc5 b4 28. Na2 Nfd5 29. Bd2 Rfb8 30. Rae1 Ra5 31. Be3 Nxe3 32. Rxe3 Rxc5 33. c3 Bxe5 34. fxe5 bxc3 35. b4 Rc4 36. Rxc3 Rxc3 37. Nxc3 Rxb4 38. Ra1 Rb3 39. Rc1 Rb2+ 40. Kg1 g5 41. a5 Kg6 42. a6 Nc8 43. Na4 Rb4 44. Nc5 Na7 45. Kf2 f4 46. gxf4 gxf4 47. Nxe6 Kf5 48. Nd8 Rb2+ 49. Ke1 Rb6 50. e6 Kf6 51. Rc4 Ke7 52. Rd4 Rxa6 53. Rd7+ Ke8 54. Nb7 Nb5 55. Nc5 Ra1+ 56. Ke2 f3+ 57. Ke3 Re1+ 58. Kf2 Re2+ 59. Kf1 Nc3 60. Rb7 Nd5 61. Rb8+ Ke7 62. Rb7+ Kd6 63. Rd7+ Kxc5 64. Rxd5+ cxd5 65. e7 Kd4 66. e8=Q Ra2 67. Qh8+ Kd3 68. Qe5 Kc4 69. Qc7+ Kd4 70. Qb6+ Ke5 71. Qb1 Rg2 72. Qc1 Kd4 73. Qxh6 Kd3 74. Qd6 d4 75. Qa6+ Ke3 76. Qa3+ d3 77. h4 Rf2+ 78. Ke1 Re2+ 79. Kf1 Kf4 80. Qd6+ Kg4 81. Qh6 d2 82. Qg6+ Kh3 83. Qe6+ Kh2 84. Qd6+ Kh1 85. Qd7 Rg2 86. h5 Rg1+ 87. Kf2 d1=N+ 88. Qxd1 Rxd1 0-1

[Event "Scarborough CC Howard Ridout op"]
[Site "Toronto CAN"]
[Date "2008.09.25"]
[Round "3"]
[White "Sherman, Joshua"]
[Black "Mesiti, Silvano"]
[Result "1-0"]
[WhiteElo "1905"]
[BlackElo "1759"]
[PlyCount "37"]
[GameId "2160767910319782"]
[EventDate "2008.09.11"]
[EventType "swiss"]
[EventRounds "7"]
[EventCountry "CAN"]
[SourceTitle "EXT 2011"]
[Source "ChessBase"]
[SourceDate "2011.11.26"]
[SourceVersion "1"]
[SourceVersionDate "2011.11.26"]
[SourceQuality "1"]

1. e4 e5 2. Bc4 Nf6 3. d4 Be7 4. dxe5 Nxe4 5. Qd5 O-O 6. Qxe4 d6 7. Nf3 dxe5 8. Nxe5 Bf6 9. O-O Re8 10. Bxf7+ Kf8 11. Bxe8 Qxe8 12. f4 Qb5 13. Nc3 Qb6+ 14. Be3 Qxb2 15. Bc5+ Kg8 16. Qc4+ Kh8 17. Nf7+ Kg8 18. Nh6+ Kh8 19. Qg8# 1-0

[Event "Scarborough CC Howard Ridout op"]
[Site "Toronto CAN"]
[Date "2008.09.25"]
[Round "3"]
[White "Umana, Mario"]
[Black "Armstrong, Robert J"]
[Result "1-0"]
[WhiteElo "1430"]
[BlackElo "1834"]
[PlyCount "77"]
[GameId "2160767910319783"]
[EventDate "2008.09.11"]
[EventType "swiss"]
[EventRounds "7"]
[EventCountry "CAN"]
[SourceTitle "EXT 2011"]
[Source "ChessBase"]
[SourceDate "2011.11.26"]
[SourceVersion "1"]
[SourceVersionDate "2011.11.26"]
[SourceQuality "1"]

1. Nf3 g6 2. g3 Bg7 3. Bg2 Nf6 4. d3 O-O 5. O-O d5 6. Nbd2 Nc6 7. Re1 e5 8. e4 Bg4 9. b3 d4 10. a4 Qd7 11. Qe2 Nh5 12. Nc4 f5 13. exf5 Rxf5 14. h3 Bxf3 15. Bxf3 Raf8 16. Bg4 Qf7 17. Bxf5 gxf5 18. Kg2 Qg6 19. g4 fxg4 20. Qxg4 Qf6 21. f3 Nf4+ 22. Bxf4 Qxf4 23. Qxf4 Rxf4 24. Re4 Rf5 25. Rg1 Kf7 26. f4 exf4 27. Rf1 Bh6 28. Kf3 Kf6 29. h4 Nb4 30. Rf2 c5 31. Nd6 Rd5 32. Nxb7 Nc6 33. Rfe2 Ne5+ 34. Rxe5 Rxe5 35. Rxe5 Kxe5 36. Nxc5 Kd5 37. Ne4 a5 38. h5 Ke5 39. Nc5 1-0

[Event "Scarborough CC Howard Ridout op"]
[Site "Toronto CAN"]
[Date "2008.09.25"]
[Round "3"]
[White "Wilker, Marcus"]
[Black "Ferreira, Alex"]
[Result "0-1"]
[WhiteElo "1800"]
[BlackElo "1908"]
[PlyCount "74"]
[GameId "2160767910319785"]
[EventDate "2008.09.11"]
[EventType "swiss"]
[EventRounds "7"]
[EventCountry "CAN"]
[SourceTitle "EXT 2011"]
[Source "ChessBase"]
[SourceDate "2011.11.26"]
[SourceVersion "1"]
[SourceVersionDate "2011.11.26"]
[SourceQuality "1"]

1. e4 c5 2. Nf3 a6 3. Nc3 d6 4. d4 cxd4 5. Nxd4 e5 6. Nf3 Nf6 7. Bc4 Be7 8. Ng5 O-O 9. Nxf7 Rxf7 10. Bxf7+ Kxf7 11. Bg5 Bg4 12. f3 Be6 13. Qd2 h6 14. Bh4 Nc6 15. Bf2 Qa5 16. O-O d5 17. exd5 Nxd5 18. Ne4 Qxd2 19. Nxd2 Bg5 20. Ne4 Be3 21. c4 Bxf2+ 22. Kxf2 Nf4 23. Rfd1 Nd4 24. Rd2 Ke7 25. b3 b5 26. g3 Nh3+ 27. Kg2 bxc4 28. bxc4 Ng5 29. Nxg5 hxg5 30. Re1 g4 31. fxg4 Kd6 32. c5+ Kd5 33. h3 Kxc5 34. Rxe5+ Bd5+ 35. Kf2 Rf8+ 36. Rf5 Nxf5 37. gxf5 Rxf5+ 0-1

[Event "Scarborough CC Howard Ridout op"]
[Site "Toronto CAN"]
[Date "2008.10.02"]
[Round "4"]
[White "Armstrong, Robert J"]
[Black "Rapoport, Alexander"]
[Result "0-1"]
[WhiteElo "1834"]
[BlackElo "1946"]
[PlyCount "96"]
[GameId "2160767910319786"]
[EventDate "2008.09.11"]
[EventType "swiss"]
[EventRounds "7"]
[EventCountry "CAN"]

1. d4 d5 2. c4 e6 3. e3 Nf6 4. Nf3 Be7 5. Bd3 O-O 6. O-O b6 7. Nc3 Bb7 8. b3 Nbd7 9. Bb2 Rc8 10. Rc1 Ne4 11. cxd5 exd5 12. Nb5 a6 13. Na7 Ra8 14. Nc6 Bxc6 15. Rxc6 Bd6 16. Qc2 f5 17. Rc1 g5 18. Ne5 g4 19. Nxd7 Qxd7 20. f3 Ng5 21. fxg4 fxg4 22. Qe2 Rf6 23. R6c2 Rh6 24. Kf1 Rxh2 25. Ke1 Nf3+ 26. gxf3 Rxe2+ 27. Rxe2 gxf3 28. Rd2 Re8 29. Kd1 Rxe3 30. Kc2 Re7 31. Rh1 Rf7 32. Rf2 Kh8 33. Bc1 Bg3 34. Rff1 f2 35. Bg5 Qg4 36. Bd2 h5 37. Be3 h4 38. Kd2 b5 39. Be2 Qe4 40. Bd3 Qe7 41. Be2 Qa3 42. Ra1 Qb2+ 43. Kd3 b4 44. Bd2 Rf4 45. Bh5 Rxd4+ 46. Ke2 Qxd2+ 47. Kf3 Rf4+ 48. Kg2 f1=Q# 0-1

[Event "Scarborough CC Howard Ridout op"]
[Site "Toronto CAN"]
[Date "2008.10.02"]
[Round "4"]
[White "Beal, Greg"]
[Black "Siddeley, Hugh"]
[Result "0-1"]
[WhiteElo "1826"]
[BlackElo "2110"]
[PlyCount "62"]
[GameId "2160767910319787"]
[EventDate "2008.09.11"]
[EventType "swiss"]
[EventRounds "7"]
[EventCountry "CAN"]
[SourceTitle "EXT 2011"]
[Source "ChessBase"]
[SourceDate "2011.11.26"]
[SourceVersion "1"]
[SourceVersionDate "2011.11.26"]
[SourceQuality "1"]

1. e4 c5 2. Nf3 d6 3. d4 cxd4 4. Nxd4 Nf6 5. Nc3 g6 6. Be3 Bg7 7. f3 O-O 8. Qd2 Nc6 9. Bc4 Bd7 10. O-O-O Ne5 11. Bb3 Qa5 12. Kb1 Rfc8 13. h4 Nc4 14. Bxc4 Rxc4 15. h5 Nxh5 16. g4 Nf6 17. Bh6 Bxh6 18. Qxh6 Rxc3 19. g5 Nh5 20. Rxh5 gxh5 21. bxc3 Qxc3 22. f4 Rc8 23. Rd3 Qe1+ 24. Kb2 Qxe4 25. Qxh5 Rc4 26. Nb3 Bf5 27. Qd1 Qxf4 28. Rf3 Qe5+ 29. c3 Bg4 30. Qf1 Bxf3 31. Qxc4 Qe2+ 0-1

[Event "Scarborough CC Howard Ridout op"]
[Site "Toronto CAN"]
[Date "2008.10.02"]
[Round "4"]
[White "Bellomo, Joe"]
[Black "Wilker, Marcus"]
[Result "1-0"]
[WhiteElo "1686"]
[BlackElo "1800"]
[PlyCount "86"]
[GameId "2160767910319788"]
[EventDate "2008.09.11"]
[EventType "swiss"]
[EventRounds "7"]
[EventCountry "CAN"]
[SourceTitle "EXT 2011"]
[Source "ChessBase"]
[SourceDate "2011.11.26"]
[SourceVersion "1"]
[SourceVersionDate "2011.11.26"]
[SourceQuality "1"]

1. e4 c6 2. d4 d5 3. exd5 cxd5 4. Bd3 Nc6 5. c3 Nf6 6. Nf3 Bg4 7. h3 Bh5 8. g4 Bg6 9. Bf4 Qb6 10. b3 e6 11. O-O Be7 12. Re1 Ne4 13. Bxe4 Bxe4 14. Nbd2 Bg6 15. Bg3 h5 16. g5 h4 17. Bf4 Bf5 18. Kh2 Bd8 19. Ne5 Nxd4 20. cxd4 Qxd4 21. Qf3 Bc7 22. Qe3 Qxe3 23. fxe3 Ba5 24. Re2 Rc8 25. Ndf3 f6 26. gxf6 gxf6 27. Ng4 Bxg4 28. hxg4 e5 29. Nxe5 fxe5 30. Bxe5 Rh7 31. Kh3 Ke7 32. Rf1 Ke6 33. Bd4 Bd8 34. Ref2 b6 35. Rf8 Rhc7 36. R1f5 Rc2 37. Rh8 Bc7 38. Rf6+ Ke7 39. Rh7+ Ke8 40. Re6+ Kf8 41. g5 Re8 42. Rh8+ Kf7 43. Rexe8 Bd6 1-0

[Event "Scarborough CC Howard Ridout op"]
[Site "Toronto CAN"]
[Date "2008.10.02"]
[Round "4"]
[White "Ferreira, Alex"]
[Black "Wang, Jerry ZS"]
[Result "1/2-1/2"]
[WhiteElo "1908"]
[BlackElo "1806"]
[PlyCount "74"]
[GameId "2160767910319789"]
[EventDate "2008.09.11"]
[EventType "swiss"]
[EventRounds "7"]
[EventCountry "CAN"]
[SourceTitle "EXT 2011"]
[Source "ChessBase"]
[SourceDate "2011.11.26"]
[SourceVersion "1"]
[SourceVersionDate "2011.11.26"]
[SourceQuality "1"]

1. e4 e5 2. f4 exf4 3. Nf3 d5 4. exd5 Nf6 5. d4 Nxd5 6. Bc4 Qe7+ 7. Kf2 Ne3 8. Qe2 Bf5 9. Bxe3 fxe3+ 10. Qxe3 Qxe3+ 11. Kxe3 Bxc2 12. Nc3 Bd6 13. Kd2 Bg6 14. Rae1+ Kd7 15. Ne5+ Bxe5 16. Rxe5 Nc6 17. Bb5 Rad8 18. Nd5 Kd6 19. Bxc6 bxc6 20. Nf4 Rde8 21. Nxg6 hxg6 22. Ra5 Rh4 23. Kd3 Ree4 24. Ra4 Reg4 25. Rxa7 Rxg2 26. a4 Rxb2 27. Kc3 Rhxh2 28. a5 Rbc2+ 29. Kb3 Rb2+ 30. Kc3 Rbc2+ 31. Kb3 Rxh1 32. Kxc2 g5 33. Ra8 Ra1 34. Kb2 Ra4 35. Kb3 Ra1 36. Kb2 Rf1 37. a6 Rf2+ 1/2-1/2

[Event "Scarborough CC Howard Ridout op"]
[Site "Toronto CAN"]
[Date "2008.10.02"]
[Round "4"]
[White "Frilles, Ruperto"]
[Black "Paterson, Jim"]
[Result "1-0"]
[WhiteElo "2050"]
[BlackElo "1812"]
[PlyCount "65"]
[GameId "2160767910319790"]
[EventDate "2008.09.11"]
[EventType "swiss"]
[EventRounds "7"]
[EventCountry "CAN"]
[SourceTitle "EXT 2011"]
[Source "ChessBase"]
[SourceDate "2011.11.26"]
[SourceVersion "1"]
[SourceVersionDate "2011.11.26"]
[SourceQuality "1"]

1. e4 Nf6 2. d3 e5 3. c4 Bb4+ 4. Bd2 Qe7 5. Nc3 c6 6. g3 Na6 7. Bg2 d6 8. h3 O-O 9. Nge2 Ba5 10. O-O Bc7 11. a3 Nc5 12. Be3 a5 13. Rb1 Ne6 14. f4 Rd8 15. f5 Nf8 16. g4 h6 17. Ng3 N8h7 18. Qd2 Ra6 19. g5 hxg5 20. Bxg5 Bb6+ 21. Kh1 Qc7 22. Bh4 Re8 23. Bf3 Qb8 24. Na4 Bd8 25. Rg1 Nxe4 26. Nxe4 Bxh4 27. Qg2 g5 28. fxg6 Nf6 29. gxf7+ Kxf7 30. Qg7+ Ke6 31. Nxf6 d5 32. Bg4+ Kd6 33. Nxe8# 1-0

[Event "Scarborough CC Howard Ridout op"]
[Site "Toronto CAN"]
[Date "2008.10.02"]
[Round "4"]
[White "Krupka, David"]
[Black "Moffat, Andrei"]
[Result "1/2-1/2"]
[WhiteElo "2262"]
[BlackElo "2198"]
[PlyCount "40"]
[GameId "2160767910319791"]
[EventDate "2008.09.11"]
[EventType "swiss"]
[EventRounds "7"]
[EventCountry "CAN"]
[SourceTitle "EXT 2011"]
[Source "ChessBase"]
[SourceDate "2011.11.26"]
[SourceVersion "1"]
[SourceVersionDate "2011.11.26"]
[SourceQuality "1"]

1. d4 Nf6 2. c4 c5 3. e3 g6 4. Nc3 Bg7 5. Nf3 O-O 6. Be2 b6 7. O-O cxd4 8. exd4 d5 9. Bg5 Bb7 10. Ne5 Ne4 11. Bf4 Nxc3 12. bxc3 dxc4 13. Bxc4 Nd7 14. Re1 Nxe5 15. Bxe5 Bxe5 16. Rxe5 Rc8 17. Qe2 e6 18. Re3 Qd6 19. Bb3 Rfd8 20. Re1 Rc7 1/2-1/2

[Event "Scarborough CC Howard Ridout op"]
[Site "Toronto CAN"]
[Date "2008.10.02"]
[Round "4"]
[White "Kurkowski, Ken"]
[Black "Armstrong, Robert J"]
[Result "0-1"]
[WhiteElo "1681"]
[BlackElo "1834"]
[PlyCount "72"]
[GameId "2160767910319792"]
[EventDate "2008.09.11"]
[EventType "swiss"]
[EventRounds "7"]
[EventCountry "CAN"]
[SourceTitle "EXT 2011"]
[Source "ChessBase"]
[SourceDate "2011.11.26"]
[SourceVersion "1"]
[SourceVersionDate "2011.11.26"]
[SourceQuality "1"]

1. e4 g6 2. d4 Bg7 3. Nc3 d6 4. Be3 Nf6 5. Qd2 Ng4 6. Bg5 h6 7. Bh4 O-O 8. h3 Nf6 9. O-O-O c6 10. Kb1 b5 11. f3 a5 12. g4 Nfd7 13. d5 b4 14. Na4 c5 15. Ne2 Ba6 16. g5 h5 17. f4 Bb5 18. b3 c4 19. Nd4 Bxa4 20. bxa4 Nc5 21. Qe3 Nxa4 22. Be1 Qb6 23. Bxc4 Nc3+ 24. Bxc3 bxc3+ 25. Bb3 Rc8 26. Nf5 Qb7 27. Nxg7 Kxg7 28. Qd4+ Kh7 29. Ka1 a4 30. Rb1 axb3 31. Rxb3 Qa6 32. a3 Rc4 33. Qd3 Qxa3+ 34. Rxa3 Rxa3+ 35. Kb1 Rb4+ 36. Kc1 Ra1# 0-1